000 01254cam a22003614a 4500
001 13376679
003 OSt
005 20140310181623.0
008 031017s2004 mnua c b 001 0 eng
010 _a 2003023019
020 _a1575057298 (lib. bdg. : alk. paper)
020 _a157505745X (pbk. : alk. paper)
040 _aDLC
_cDLC
_dDLC
042 _apcc
_alcac
050 0 0 _aQL 696
_b.M346 2004
082 0 0 _aREF 598.9
_bM25 2004
100 1 _aMarkle, Sandra.
245 1 0 _aOwls /
_cSandra Markle.
260 _aMinneapolis :
_bCarolrhoda Books,
_cc2004.
300 _a39 p. :
_bcol. ill. ;
_c23 x 29 cm.
490 1 _aAnimal predators
504 _aIncludes bibliographical references (p. 39) and index.
520 _aDiscusses the physical characteristics of owls that combine to make them such able predators.
521 _aBasic ed. students
541 _j1
562 _e1
650 0 _aOwls
_vJuvenile literature.
650 1 _aOwls.
800 1 _aMarkle, Sandra.
_tAnimal predators.
906 _a7
_bcbc
_corignew
_d1
_eecip
_f20
_gy-gencatlg
942 _2lcc
_cBK-GR
_kREF
999 _c196
_d196